00375nam a2200145Ia 4500003000400000005001700004008004100021040001800062041000800080100004000088110001900128245003400147260002000181710002800201OSt20260324095452.0211028s2019 xx 000 0 und d cAIMIT LIBRARY aeng aPoornima, J; Kumar, Rakesh.g171802 aRoshan Suvaris aTimesheet management system / aBengaluruc2019 aITC Info Tech India Ltd